00444nam a22001577a 450000500170000001000150001702000260003203500140005803700090007208200130008110000280009424500450012226000340016727000640020130000210026520250627155047.0 aENG-145611 c499.00a9789393734242 aEN-129143 bDBAD a823.821 aStevenson, Robert Louis aTreasure Island/cRobert Louis Stevenson aKolkatabExceller Booksc2023 aG1 Dream Apartment, Degree College Roadb Belgharia,Kolkata a264p. c21cm(pb)